| 000 | 02191cam a2200337Ki 4500 | ||
|---|---|---|---|
| 999 |
_c3011 _d3011 |
||
| 006 | m o d | ||
| 007 | cr cnu|||unuuu | ||
| 008 | 211007s2022 xx eo 000 0 eng d | ||
| 020 |
_a9780429318184 _q(ebk.) |
||
| 040 |
_aKO _beng |
||
| 040 |
_aKO _beng |
||
| 041 | 0 | _aeng | |
| 082 | 0 | 4 |
_a387.1 _223 |
| 100 | 1 | _aNotteboom, Theo. | |
| 245 | 1 | 0 | _aPort Economics, Management and Policy. |
| 250 | _aFirst edition. | ||
| 260 |
_aNew York : _bRoutledge, _c2022 |
||
| 300 | _a1 online resource (592 pages). | ||
| 505 | 0 | _aIntroductionI. Ports & Maritime ShippingII. Contemporary PortsIII. Port TerminalsIV. Port GovernanceV. Port CompetitionVI. Port PerformanceVII. Port Policies & DevelopmentVIII. Port Markets | |
| 520 | _aPort Economics, Management and Policy provides a comprehensive analysis of the contemporary port industry, showing how ports are organized to serve the global economy and support regional and local development. Structured in nine sections, this textbook examines a wide range of seaport topics, covering maritime shipping and international trade, port terminals, port governance, port competition, port policy and much more. Key features of the book include its: ⁰́Ø Multidisciplinary perspective, drawing on economics, geography, management science and engineering ⁰́Ø Multisector analysis including containers, bulk, break-bulk and the cruise industry ⁰́Ø Focus on the latest industry trends, such as supply chain management, automation, digitalization and sustainability Benefitting from the authors⁰́₉ extensive involvement in shaping the port sector across five continents, this text provides students and scholars with a valuable resource on ports and maritime transport systems. Practitioners and policymakers can also use this as an essential guide towards better port management and governance. | ||
| 650 | 0 |
_aHarbors _xEconomic aspects. |
|
| 650 | 0 | _aShipping. | |
| 650 | 0 | _aTransportation. | |
| 700 | 1 | _aPallis, Athanasios A. | |
| 700 | 1 |
_aRodrigue, Jean-Paul, _d1967- |
|
| 856 | 4 | 0 | _uhttps://www.taylorfrancis.com/books/9780429318184 |
| 904 | _aRUDRA_R | ||
| 905 | _aR_RANJAN | ||
| 942 |
_cEB _2ddc |
||